Condiciones de almacenamiento y germinación de semillas de cenchrus ciliaris l. Y andropogon gayanus kunth

Saved in:
書目詳細資料
主要作者: Palma-Rivero, Martha P.
企業作者: e-libro, Corp
其他作者: López-Herrera, Agustín, Molina-Moreno, Juan C.
格式: Article
語言:西班牙语
出版: Montecillo, Estado de México : Colegio de Postgraduados, 2000.
主題:
在線閱讀:https://elibro.unach.elogim.com/es/lc/unach/titulos/19084
標簽: 添加標簽
沒有標簽, 成為第一個標記此記錄!

MARC

LEADER 00000nab a2200000 a 4500
001 ELB19084
003 FlNmELB
006 m o d |
007 cr cn|||||||||
008 201111r2000 mx |||||s|||||||||||spa d
022 |a 1405-3195 
035 |a (OCoLC)955362484 
040 |a FlNmELB  |b spa  |c FlNmELB 
050 4 |a SB4  |b P171 2000 
080 |a 631/635 
082 0 4 |a 630  |2 22 
100 1 |a Palma-Rivero, Martha P. 
222 0 |a Agrociencia 
245 1 0 |a Condiciones de almacenamiento y germinación de semillas de cenchrus ciliaris l. Y andropogon gayanus kunth  |h [recurso electronico] /  |c Martha P. Palma-Rivero, Agustín López-Herrera y Juan C. Molina-Moreno. 
260 |a Montecillo, Estado de México :  |b Colegio de Postgraduados,  |c 2000. 
300 |a 41-48 p. 
310 |a Bimestral 
362 0 |a Vol. 34, num. 001 (Enero-feb. 2000)- 
533 |a Recurso electrónico. Santa Fe, Arg.: e-libro, 2015. Disponible vía World Wide Web. El acceso puede estar limitado para las bibliotecas afiliadas a e-libro. 
546 |a Español e inglés. 
650 0 |a Agronomía  |x Publicaciones periódicas. 
650 0 |a Agronomy  |x Periodicals. 
653 |a Agronomia  |a Publicaciones periodicas 
655 4 |a Artículos electrónicos. 
700 1 |a López-Herrera, Agustín. 
700 1 |a Molina-Moreno, Juan C. 
710 2 |a e-libro, Corp. 
740 0 2 |a Agrociencia. 
856 4 0 |u https://elibro.unach.elogim.com/es/lc/unach/titulos/19084